MARC details
| 000 -LEADER |
| fixed length control field |
03519cam a22003618i 4500 |
| 001 - CONTROL NUMBER |
| control field |
691 |
| 003 - CONTROL NUMBER IDENTIFIER |
| control field |
MYCC |
| 005 - DATE AND TIME OF LATEST TRANSACTION |
| control field |
20260206085828.0 |
| 008 - FIXED-LENGTH DATA ELEMENTS--GENERAL INFORMATION |
| fixed length control field |
240815s2025 mau 001 0 eng d |
| 020 ## - INTERNATIONAL STANDARD BOOK NUMBER |
| International Standard Book Number |
9781647826314 |
| Qualifying information |
hardback |
| 020 ## - INTERNATIONAL STANDARD BOOK NUMBER |
| Canceled/invalid ISBN |
9781647826321 |
| Qualifying information |
(epub) |
| 040 ## - CATALOGING SOURCE |
| Original cataloging agency |
DLC |
| Language of cataloging |
eng |
| Description conventions |
rda |
| Transcribing agency |
DLC |
| Modifying agency |
DLC |
| -- |
MYCC |
| 082 00 - DEWEY DECIMAL CLASSIFICATION NUMBER |
| Classification number |
150.72 |
| Edition number |
23 |
| 090 00 - LOCALLY ASSIGNED LC-TYPE CALL NUMBER (OCLC); LOCAL CALL NUMBER (RLIN) |
| Classification number (OCLC) (R) ; Classification number, CALL (RLIN) (NR) |
150.72 |
| Location of book |
MAT |
| 100 1# - MAIN ENTRY--PERSONAL NAME |
| Personal name |
Matz, Sandra C., |
| Relator term |
author. |
| 245 10 - TITLE STATEMENT |
| Title |
MINDMASTERS : |
| Remainder of title |
THE DATA-DRIVEN SCIENCE OF PREDICTING AND CHANGING HUMAN BEHAVIOR / |
| Statement of responsibility, etc. |
Sandra Matz. |
| 246 30 - VARYING FORM OF TITLE |
| Title proper/short title |
Data-driven science of predicting and changing human behavior |
| 246 30 - VARYING FORM OF TITLE |
| Title proper/short title |
Data-driven science of predicting and changing human behaviour |
| 264 #1 - PRODUCTION, PUBLICATION, DISTRIBUTION, MANUFACTURE, AND COPYRIGHT NOTICE |
| Place of production, publication, distribution, manufacture |
Boston, Massachusetts : |
| Name of producer, publisher, distributor, manufacturer |
Harvard Business Review Press, |
| Date of production, publication, distribution, manufacture, or copyright notice |
[2025] |
| 300 ## - PHYSICAL DESCRIPTION |
| Extent |
viii, 226 pages : |
| Other physical details |
illustrations ; |
| Dimensions |
24 cm |
| 336 ## - CONTENT TYPE |
| Content type term |
text |
| Content type code |
txt |
| Source |
rdacontent |
| 337 ## - MEDIA TYPE |
| Media type term |
unmediated |
| Media type code |
n |
| Source |
rdamedia |
| 338 ## - CARRIER TYPE |
| Carrier type term |
volume |
| Carrier type code |
nc |
| Source |
rdacarrier |
| 504 ## - BIBLIOGRAPHY, ETC. NOTE |
| Bibliography, etc. note |
Includes bibliographical references and index. |
| 520 ## - SUMMARY, ETC. |
| Summary, etc. |
"There are more digital pieces of data than stars in the universe. This data helps us monitor our planet, decipher our genetic code, and take a deep dive into our psychology. As algorithms become increasingly adept at accessing our minds, they also become more and more powerful at controlling it-enticing us to buy a certain product or vote for a certain political candidate. Some of us say this technological trend is no big deal. Others consider it one of the greatest threats to humanity. But what if the truth is more nuanced and mind-bending than that? In Mindmasters, Columbia Business School professor Sandra Matz offers a fascinating insider perspective on the art and data-driven science of psychological targeting. By relating her own personal story of growing up in a small village-where few aspects of life remain truly private-to her groundbreaking research in computational psychology, Matz reveals how Big Data offers insights into the most intimate aspects of our psyche and how these insights empower external influence over the choices we make. Filled with Ted-Talk-like explanations and real-life examples from Matz's research and consulting work, Mindmasters paints a nuanced picture of the power of psychological targeting. Like nosy neighbors, it can be creepy, manipulative, and downright harmful-with scandals like Cambridge Analytica being merely the tip of the iceberg. Yet, like any tight-knit, supportive village community, it also holds enormous potential to help us live healthier and happier lives-for example, by improving our mental health, encouraging better financial decisions, or enabling us to break out of our echo chambers. With passion and clear-eyed precision, Matz shows us how to manage psychological targeting and redesign the data game in a way that empowers us to take back control and ask more of our personal data. Mindmasters is a riveting look at what our digital footprints reveal about us, how they're being used-for good and for ill-and how we can gain more control and power over the data that define us"-- |
| Assigning source |
Provided by publisher. |
| 650 #0 - SUBJECT ADDED ENTRY--TOPICAL TERM |
| Topical term or geographic name entry element |
Psychology |
| General subdivision |
Research |
| -- |
Methodology. |
| 650 #0 - SUBJECT ADDED ENTRY--TOPICAL TERM |
| Topical term or geographic name entry element |
Psychology |
| General subdivision |
Technological innovations. |
| 650 #0 - SUBJECT ADDED ENTRY--TOPICAL TERM |
| Topical term or geographic name entry element |
Technological innovations |
| General subdivision |
Psychological aspects. |
| 650 #0 - SUBJECT ADDED ENTRY--TOPICAL TERM |
| Topical term or geographic name entry element |
Human behavior |
| General subdivision |
Research. |
| 650 #0 - SUBJECT ADDED ENTRY--TOPICAL TERM |
| Topical term or geographic name entry element |
Data mining |
| General subdivision |
Social aspects. |
| 776 08 - ADDITIONAL PHYSICAL FORM ENTRY |
| Relationship information |
Online version: |
| Main entry heading |
Matz, Sandra. |
| Title |
Mindmasters |
| Place, publisher, and date of publication |
Boston, Massachusetts : Harvard Business Review Press, [2025] |
| International Standard Book Number |
9781647826321 |
| Record control number |
(DLC) 2024023258 |
| 942 ## - ADDED ENTRY ELEMENTS (KOHA) |
| Source of classification or shelving scheme |
Dewey Decimal Classification |
| Koha item type |
Books |